书目信息 |
| 题名: |
资产定价研究
|
|
| 作者: | 吴冲锋 , 穆启国 著 | |
| 分册: | ||
| 出版信息: | 北京 科学出版社 2008.01 |
|
| 页数: | 241页 | |
| 开本: | 25cm | |
| 丛书名: | 当代中国管理科学优秀研究成果丛书 | |
| 单 册: | ||
| 中图分类: | F273.4 | |
| 科图分类: | ||
| 主题词: | 企业--qi ye--固定资产估价 | |
| 电子资源: | ||
| ISBN: | 978-7-03-020872-9 | |
| 000 | 01003nam 2200289 450 | |
| 001 | 003767457 | |
| 005 | 20080909165149.87 | |
| 010 | @a978-7-03-020872-9@b精装@dCNY40.00 | |
| 100 | @a20080523d2008 em y0chiy0110 ea | |
| 101 | 0 | @achi |
| 102 | @aCN@b110000 | |
| 105 | @ay z 000yy | |
| 200 | 1 | @a资产定价研究@Azi chan ding jia yan jiu@d= Asset pricing@f吴冲锋, 穆启国著@zeng |
| 210 | @a北京@c科学出版社@d2008.01 | |
| 215 | @a241页@d25cm | |
| 225 | 2 | @a当代中国管理科学优秀研究成果丛书@Adang dai zhong guo guan li ke xue you xiu yan jiu cheng guo cong shu |
| 320 | @a有书目 (第212-241页) | |
| 330 | @a本书通过对资产定价问题进行系统的思考,建立了创新链—资产链—价值链—资产定价研究的新体系。 | |
| 410 | 0 | @12001 @a当代中国管理科学优秀研究成果丛书 |
| 510 | 1 | @aAsset pricing@zeng |
| 606 | 0 | @a企业@Aqi ye@x固定资产估价 |
| 690 | @aF273.4@v4 | |
| 701 | 0 | @a吴冲锋@Awu chong feng@4著 |
| 701 | 0 | @a穆启国@Amu qi guo@4著 |
| 801 | 0 | @aCN@c20080909 |
| 905 | @dF273.4@eW750 | |
| 999 | @aCYP | |
| 资产定价研究= Asset pricing/吴冲锋, 穆启国著.-北京:科学出版社,2008.01 |
| 241页;25cm.-(当代中国管理科学优秀研究成果丛书) |
| ISBN 978-7-03-020872-9(精装):CNY40.00 |
| 本书通过对资产定价问题进行系统的思考,建立了创新链—资产链—价值链—资产定价研究的新体系。 |
| ● |
| 相关链接 |
|
|
|
正题名:资产定价研究
索取号:F273.4/W750
 
预约/预借
| 序号 | 登录号 | 条形码 | 馆藏地/架位号 | 状态 | 备注 |
| 1 | 677126 | 206771260 | 社科库409/409社科库 93排1列3层/ [索取号:F273.4/W750] | 在馆 | |
| 2 | 677127 | 206771279 | 社科库409/409社科库 93排1列3层/ [索取号:F273.4/W750] | 在馆 | |
| 3 | 677128 | 206771288 | 社科库409/422社科库 36排4列5层/ [索取号:F273.4/W750] | 在馆 |